LDR 01065naa#a2200169#i#450# 001 EN\RIOR\bibl\124860 005 20260629075341.1 011 ## _a2409-6024 100 ## _a20260530b2026####ek#y0engy0150####ca 102 ## _aRU 200 1# _aDemographic and migration negative trends in the spatial development of the Russian Federation in the context of ensuring the economic security of the state _eJournal article 210 1# _aMoscow _cPublishing Center RIOR _d2026 215 ## _a21 с. 608 ## _aJournal article _2local 675 ## _aЭкономика. Народное хозяйство. Экономические науки. 33 _aРегиональная (территориальная) экономика. Земельный (аграрный) вопрос. Жилищное хозяйство. 332 _aЭкономическое положение. Экономическая политика. Управление и планирование в экономике. Производство. Услуги. Цены. 338 _z 700 #1 _aOganyan _gValeriy Armenovich 856 4# _arusjm.ru _u